Statistiche per Direttori generali e governatori della Banca d'Italia

Clicka qui per fare il quiz!

Statistiche generali

  • Questo quiz è stato fatto 8 volte
  • Il punteggio medio è 5 su 13

Statistiche sulle risposte

AnniDirettore generale/Governatore% Corretto
2005-2011Mario Draghi
100%
1979-1993Carlo Azeglio Ciampi
63%
1945-1948Luigi Einaudi
63%
2011-Ignazio Visco
50%
1960-1975Guido Carli
38%
1975-1979Paolo Baffi
38%
1993-2005Antonio Fazio
25%
1900-1930Bonaldo Stringher
25%
1948-1960Donato Menichella
25%
1882-1894Giacomo Grillo
25%
1894-1900Giuseppe Marchiori
25%
1931-1944Vincenzo Azzolini
25%
1861-1882Carlo Bombrini
13%

Distribuzione punteggi

Percentile per numero di risposta

Percentuale di utenti per punteggio

I tuoi punteggi nel tempo

Non hai fatto questo quiz